000 00905cam a22002654a 4500
001 37964
003 (BD-RjUL)
005 20211209052709.0
008 051207s2007 njua 001 0 eng
020 _a9788120334175
035 _a(BD-RjUL)
040 _aDLC
_c(BD-RjUL)
_dDLC
082 0 0 _a621.381
_222
_bTOD 2008
100 1 _aTocci, Ronald J.
_9117596
245 1 0 _aDigital systems :
_bprinciples and applications /
_cRonald J. Tocci, Neal S. Widmer, Gregory L. Moss.
250 _a10th ed.
260 _aNew Delhi, :
_bPHL Learning Private Ltd.,
_cc2007 [2008 reprint].
300 _axxv, 940 p. :
_bill. (some col.) ;
_c28 cm. +
_e1 CD-ROM (4 3/4 in.)
504 _aIncludes bibliographical references and index.
650 0 _aDigital electronics
_vTextbooks.
_9117597
700 1 _aWidmer, Neal S.
_9117598
700 1 _aMoss, Gregory L.
_9117599
942 _2ddc
_cBK
999 _c37964
_d37964